000 00670nam a2200277Ia 4500
005 20260324124022.0
008 008 260324s9999 xx 000 0 eng d
020 _a9781315584911
037 _aEBOOK
040 _aCRL
040 _beng
040 _cCRL
041 _2eng
041 _aeng
084 _qCRL
100 _aNelson Michaud; Howard M. Hensel
_91172536
245 0 _aGlobal Media Perspectives on the Crisis in Panama
260 _bTaylor and Francis
260 _c2011
365 _a
365 _b240
856 _uhttp://www.taylorfrancis.com/books/9781315584911
942 _cEBOOK
999 _c1766553
_d1766553